000 00587nam a2200217Ia 4500
003 OSt
005 20221005050409.0
006 a|||||r|||| 00| 0
007 ta
008 221004b |||||||| |||| 00| 0 mal d
024 _a61760
037 _cTextual
040 _aCRL
_cCRL
_bmal
041 _2mal
_amal
082 _aY73(P1).212, 32K5.2
245 0 _aKanippayyur sankaran nambudiripad
260 _aKunnamkulam
_bPanchamgam book depot India
_c1965
650 _aSOCIOLOGY
942 _hY73(P1).212, 32K5.2
_cTEXL
_2cc
999 _c956994
_d956994